| 000 | 00488nam a22001937a 4500 | ||
|---|---|---|---|
| 001 | O0000006 | ||
| 003 | KOHA_MİRAKIL | ||
| 005 | 20260206231916.0 | ||
| 007 | ta | ||
| 008 | 160810b xx |||gr||||#||||0| | | ||
| 040 |
_aTR-BiSEU _btur _cTR-BiSEU _erda |
||
| 050 | 0 | 0 |
_aÇalışmaOdası6 _b |
| 245 | 1 | _aÇalışma Odası 6. | |
| 264 | 1 |
_a : _b |
|
| 336 |
_adokunsal metin _btct _2rdacontent |
||
| 337 |
_aaracısız _bn _2rdamedia |
||
| 338 |
_acilt _bnc _2rdacarrier |
||
| 942 |
_2lcc _cNP |
||
| 999 |
_c59035 _d59035 |
||